<?xml version="1.0" encoding="UTF-8"?>
<record
    xmlns:xsi="http://www.w3.org/2001/XMLSchema-instance"
    xsi:schemaLocation="http://www.loc.gov/MARC21/slim http://www.loc.gov/standards/marcxml/schema/MARC21slim.xsd"
    xmlns="http://www.loc.gov/MARC21/slim">

  <leader>01455nam0a22002291  4500</leader>
  <controlfield tag="001">rc\3550441</controlfield>
  <controlfield tag="005">20260407155943.0</controlfield>
  <datafield tag="035" ind1=" " ind2=" ">
    <subfield code="a">(NLR Aleph) 007637825</subfield>
  </datafield>
  <datafield tag="090" ind1=" " ind2=" ">
    <subfield code="a">6093506</subfield>
    <subfield code="c">6093506</subfield>
  </datafield>
  <datafield tag="100" ind1=" " ind2=" ">
    <subfield code="a">20130115d1973    |||y0rusy50      ca</subfield>
  </datafield>
  <datafield tag="101" ind1="0" ind2=" ">
    <subfield code="a">rus</subfield>
  </datafield>
  <datafield tag="102" ind1=" " ind2=" ">
    <subfield code="a">RU</subfield>
  </datafield>
  <datafield tag="105" ind1=" " ind2=" ">
    <subfield code="a">y   z   |||||</subfield>
  </datafield>
  <datafield tag="200" ind1="1" ind2=" ">
    <subfield code="a">&#x422;&#x435;&#x437;&#x438;&#x441;&#x44B; &#x434;&#x43E;&#x43A;&#x43B;&#x430;&#x434;&#x43E;&#x432;</subfield>
    <subfield code="f">&#x410;&#x41D; &#x423;&#x421;&#x421;&#x420;. &#x418;&#x43D;-&#x442; &#x44D;&#x43B;&#x435;&#x43A;&#x442;&#x440;&#x43E;&#x441;&#x432;&#x430;&#x440;&#x43A;&#x438; &#x438;&#x43C;. &#x415;.&#x41E;. &#x41F;&#x430;&#x442;&#x43E;&#x43D;&#x430;. &#x413;&#x43E;&#x441;. &#x43A;&#x43E;&#x43C;. &#x421;&#x43E;&#x432;&#x435;&#x442;&#x430; &#x41C;&#x438;&#x43D;&#x438;&#x441;&#x442;&#x440;&#x43E;&#x432; &#x421;&#x421;&#x421;&#x420; &#x43F;&#x43E; &#x43D;&#x430;&#x443;&#x43A;&#x435; &#x438; &#x442;&#x435;&#x445;&#x43D;&#x438;&#x43A;&#x435;. &#x41D;&#x430;&#x443;&#x447;. &#x441;&#x43E;&#x432;&#x435;&#x442; &#x43F;&#x43E; &#x43F;&#x440;&#x43E;&#x431;&#x43B;&#x435;&#x43C;&#x435; "&#x41D;&#x43E;&#x432;&#x44B;&#x435; &#x43F;&#x440;&#x43E;&#x446;&#x435;&#x441;&#x441;&#x44B; &#x441;&#x432;&#x430;&#x440;&#x43A;&#x438; &#x438; &#x441;&#x432;&#x430;&#x440;&#x43D;&#x44B;&#x435; &#x43A;&#x43E;&#x43D;&#x441;&#x442;&#x440;&#x443;&#x43A;&#x446;&#x438;&#x438;". &#x41A;&#x43E;&#x43E;&#x440;&#x434;&#x438;&#x43D;&#x430;&#x446;. &#x441;&#x43E;&#x432;&#x435;&#x442; &#x43F;&#x43E; &#x441;&#x432;&#x430;&#x440;&#x43A;&#x435;. IV &#x412;&#x441;&#x435;&#x441;&#x43E;&#x44E;&#x437;. &#x441;&#x43E;&#x432;&#x435;&#x449;. &#x43F;&#x43E; &#x43F;&#x440;&#x438;&#x43C;&#x435;&#x43D;&#x435;&#x43D;&#x438;&#x44E; &#x432; &#x43C;&#x430;&#x448;&#x438;&#x43D;&#x43E;&#x441;&#x442;&#x440;&#x43E;&#x435;&#x43D;&#x438;&#x438; &#x43A;&#x43E;&#x43D;&#x441;&#x442;&#x440;&#x443;&#x43A;&#x446;&#x438;&#x439; &#x438;&#x437; &#x43D;&#x438;&#x437;&#x43A;&#x43E;&#x43B;&#x435;&#x433;&#x438;&#x440;. &#x432;&#x44B;&#x441;&#x43E;&#x43A;&#x43E;&#x43F;&#x440;&#x43E;&#x447;&#x43D;&#x44B;&#x445; &#x441;&#x442;&#x430;&#x43B;&#x435;&#x439; &#x441; &#x43F;&#x440;&#x435;&#x434;&#x435;&#x43B;&#x43E;&#x43C; &#x442;&#x435;&#x43A;&#x443;&#x447;&#x435;&#x441;&#x442;&#x438; 60-90 &#x43A;&#x433;/&#x43C;&#x43C;&#xB2;. 23-26 &#x44F;&#x43D;&#x432;. 1973 &#x433;.</subfield>
  </datafield>
  <datafield tag="210" ind1=" " ind2=" ">
    <subfield code="a">&#x41A;&#x438;&#x435;&#x432;</subfield>
    <subfield code="c">&#x411;. &#x438;.</subfield>
    <subfield code="d">1973</subfield>
  </datafield>
  <datafield tag="215" ind1=" " ind2=" ">
    <subfield code="a">70 &#x441;.</subfield>
    <subfield code="d">20</subfield>
  </datafield>
  <datafield tag="710" ind1="1" ind2="2">
    <subfield code="a">&#x412;&#x441;&#x435;&#x441;&#x43E;&#x44E;&#x437;&#x43D;&#x43E;&#x435; &#x441;&#x43E;&#x432;&#x435;&#x449;&#x430;&#x43D;&#x438;&#x435; &#x43F;&#x43E; &#x43F;&#x440;&#x438;&#x43C;&#x435;&#x43D;&#x435;&#x43D;&#x438;&#x44E; &#x432; &#x43C;&#x430;&#x448;&#x438;&#x43D;&#x43E;&#x441;&#x442;&#x440;&#x43E;&#x435;&#x43D;&#x438;&#x438; &#x43A;&#x43E;&#x43D;&#x441;&#x442;&#x440;&#x443;&#x43A;&#x446;&#x438;&#x439; &#x438;&#x437; &#x43D;&#x438;&#x437;&#x43A;&#x43E;&#x43B;&#x435;&#x433;&#x438;&#x440;&#x43E;&#x432;&#x430;&#x43D;&#x43D;&#x44B;&#x445; &#x432;&#x44B;&#x441;&#x43E;&#x43A;&#x43E;&#x43F;&#x440;&#x43E;&#x447;&#x43D;&#x44B;&#x445; &#x441;&#x442;&#x430;&#x43B;&#x435;&#x439; &#x441; &#x43F;&#x440;&#x435;&#x434;&#x435;&#x43B;&#x43E;&#x43C; &#x442;&#x435;&#x43A;&#x443;&#x447;&#x435;&#x441;&#x442;&#x438; 60-90 &#x43A;&#x433;/&#x43C;&#x43C;2</subfield>
    <subfield code="d">4</subfield>
    <subfield code="f">1973</subfield>
    <subfield code="e">&#x41A;&#x438;&#x435;&#x432;</subfield>
    <subfield code="3">RU\NLR\AUTH\8810097445</subfield>
    <subfield code="9">695972</subfield>
  </datafield>
  <datafield tag="801" ind1=" " ind2="0">
    <subfield code="a">RU</subfield>
    <subfield code="b">NLR</subfield>
    <subfield code="g">psbo</subfield>
  </datafield>
  <datafield tag="801" ind1=" " ind2="1">
    <subfield code="a">RU</subfield>
    <subfield code="b">ELAR</subfield>
    <subfield code="2">rusmarc</subfield>
  </datafield>
  <datafield tag="852" ind1=" " ind2=" ">
    <subfield code="a">NLR</subfield>
    <subfield code="j">72-4/39436</subfield>
  </datafield>
  <datafield tag="942" ind1=" " ind2=" ">
    <subfield code="c">BOOK</subfield>
  </datafield>
  <datafield tag="980" ind1=" " ind2=" ">
    <subfield code="a">NB</subfield>
  </datafield>
  <datafield tag="995" ind1=" " ind2=" ">
    <subfield code="5">2013-10-26</subfield>
    <subfield code="b">NLR01</subfield>
    <subfield code="c">NLR01</subfield>
    <subfield code="e">RF91</subfield>
    <subfield code="f">7637825-10</subfield>
    <subfield code="k">72-4/39436</subfield>
    <subfield code="o">0</subfield>
    <subfield code="r">BOOK</subfield>
    <subfield code="s">72439436_</subfield>
  </datafield>
</record>
